000 00593nam a2200205Ia 4500
003 OSt
005 20260105134053.0
008 008 250505s9999 xx 000 0 eng d
037 _aTextbook
040 _aFEDL
_beng
_cFEDL
041 _aeng
_2eng
082 _a302.14, KOH/R
100 _aKohn Alfie
_9778205
245 0 _aNo contest: The case against competition
260 _aBoston, USA
_bHoughton Mifflin Company
_c1986
300 _aviii,257p.
546 _aPhoto Copy; MACESE
942 _cTB
_h302.14, KOH/R
_2ddc
_n0
999 _c1389261
_d1389261